A History of Indian Philosophy: Sankara school of Vedanta, Yogavasistha and Bhagavadgita (Record no. 1464870)

MARC details
000 -LEADER
fixed length control field 00512nam a22001817a 4500
005 - DATE AND TIME OF LATEST TRANSACTION
control field 20251021105739.0
008 - FIXED-LENGTH DATA ELEMENTS--GENERAL INFORMATION
fixed length control field 251021b |||||||| |||| 00| 0 eng d
020 ## - INTERNATIONAL STANDARD BOOK NUMBER
International Standard Book Number 9788120804135
040 ## - CATALOGING SOURCE
Transcribing agency ILCL
041 ## - LANGUAGE CODE
Source of code eng
Language code of text/sound track or separate title eng
084 ## - COLON CLASSIFICATION NUMBER
Classification number R65v R5.2
100 ## - MAIN ENTRY--PERSONAL NAME
Personal name Dasgupta, Surendranath
245 ## - TITLE STATEMENT
Title A History of Indian Philosophy: Sankara school of Vedanta, Yogavasistha and Bhagavadgita
260 ## - PUBLICATION, DISTRIBUTION, ETC.
Place of publication, distribution, etc. Delhi
Name of publisher, distributor, etc. Motilal Banarasidass
Date of publication, distribution, etc. 2025
300 ## - PHYSICAL DESCRIPTION
Extent xi,620p.
490 ## - SERIES STATEMENT
Volume/sequential designation 2
942 ## - ADDED ENTRY ELEMENTS (KOHA)
Source of classification or shelving scheme Colon Classification (CC)
Koha item type Textbook
100 ## - MAIN ENTRY--PERSONAL NAME
-- 848807
999 ## -
-- 1464870
-- 1464870
Holdings
Withdrawn status Lost status Source of classification or shelving scheme Damaged status Not for loan Home library Current library Date acquired Source of acquisition Cost, normal purchase price Inventory number Total checkouts Full call number Barcode Date last seen Price effective from Koha item type
    Colon Classification (CC)     Integrated Law Course library Integrated Law Course library 2025-10-01 Motilal Banarasidass 750.00 3563 dt. 01-10-2025   R65v R5.2 IL1864728 2025-10-21 2025-10-21 Textbook
Copyright @ Delhi University Library System